000 00397nam a2200157 i 4500
001 bg
100 1 _aPIESIAK, Eugeniusz
245 0 _aFrancuskie teksty techniczne /
_cEugeniusz Piesiak, Ewa Szczepaniak.
250 _aWyd.2 zm.
260 _aCzęstochowa,
_c1982.
700 1 _aSZCZEPANIAK, Ewa
040 _cBPK
041 _apol
942 _cKS
008 s pl f |000 0 pol
999 _c21856
_d21856
856 _uhttp://koha.tu.koszalin.pl/cgi-bin/koha/opac-detail.pl?biblionumber=21856
_yKatalog online BPK